Statistiques concernant Pays du même nom que leur capitales

Cliquez ici pour prendre le quiz!

Statistiques générales

  • Ce quiz a été pris 576 fois
    (424 depuis la dernière actualisation)
  • Le résultat moyen est 8 sur 12

Statistiques - réponses

Continent Pays = Capitale % Correct
EuropeLuxembourg
86%
EuropeVatican
80%
EuropeMonaco
80%
EuropeAndorre (la Vieille)
78%
EuropeSaint-Marin
75%
AmériquePanama
71%
AmériqueGuatemala
64%
AsieSingapour
63%
AfriqueDjibouti
62%
AsieKoweït
56%
Amérique(San) Salvador
54%
AfriqueSao Tomé (et Principe)
36%

Distribution des résultats

Percentile by Number Answered

% des personnes avec chaque résultat

Votre développement - résultats

Vous n’avez pas pris ce quiz depuis la dernière actualisation